| 000 | 02851nam0a2200421 4500 | ||
|---|---|---|---|
| 001 | RU\NLR\BIBL_A\012105793 | ||
| 005 | 20191011145558.0 | ||
| 010 |
_a978-5-7996-2692-1 _9100 |
||
| 021 |
_aRU _bКН-П-19-066341 _9КН-П-19-4773 |
||
| 035 | _a(NLR Aleph) 012105793 | ||
| 035 | _a(RuMoRGB)010085556 | ||
| 090 |
_a11930108 _c11930108 |
||
| 100 | _a20191001d2019 u y0rusy50 ca | ||
| 101 | 0 | _arus | |
| 102 | _aRU | ||
| 105 | _aa|||j|||000zy | ||
| 200 | 1 |
_aФинансы, денежное обращение и кредит _eучебник _eдля обучающихся в высших учебных заведениях по направлениям подготовки УГСН 380000 "Экономика и управление" _f[д-р экон. наук, проф. Л. И. Юзвович, д-р экон. наук, проф. М. С. Марамыгин, д-р экон. наук, проф. Е. Г. Князева и др. _gпод редакцией Л. И. Юзвович и др.] _gМинистерство науки и высшего образования Российской Федерации, Уральский государственный экономический университет (УрГЭУ) |
|
| 210 |
_aЕкатеринбург _cИзд-во Уральского университета _d2019 |
||
| 215 |
_a354 с. _cил., цв. ил., табл. _d25 |
||
| 225 | 1 | _aСерия "Современные финансы и банковское дело" | |
| 300 | _aАвт. указаны на обороте тит. л. | ||
| 320 | _aБиблиогр. в конце гл. и в подстроч. примеч. | ||
| 606 | 1 |
_aФинансы _jУчебники для высших учебных заведений _yРоссийская Федерация _92073627 _3RU\NLR\AUTH\661248550 |
|
| 606 | 1 |
_aДенежное обращение _jУчебники для высших учебных заведений _yРоссийская Федерация _92077429 _3RU\NLR\AUTH\661253052 |
|
| 606 | 1 |
_aКредит _jУчебники для высших учебных заведений _yРоссийская Федерация _92097873 _3RU\NLR\AUTH\661269143 |
|
| 686 | 1 | _aУ26(2)я73 | |
| 686 | 1 | _aУ26(2)26я73 | |
| 686 | 1 | _aУ26(2)22я73 | |
| 701 | 1 |
_aЮзвович _bЛ. И. _gЛариса Ивановна |
|
| 701 | 1 |
_aМарамыгин _bМ. С. _gМаксим Сергеевич |
|
| 701 | 1 |
_aКнязева _bЕ. Г. _gЕлена Геннадьевна |
|
| 712 | 0 | 2 |
_4570 _aУральский государственный экономический университет _cЕкатеринбург _9399528 _3RU\NLR\AUTH\889951781 |
| 942 | _cBOOK | ||
| 980 | _aNBR | ||
| 980 | _aNB | ||